|
|
|
|
| LEADER |
00726nam a2200217 a 4500 |
| 001 |
GR-Patra11284 |
| 003 |
GR-PaULI |
| 008 |
991022s xxk 000 b eng d |
| 022 |
|
|
|a 0950-7051
|
| 040 |
|
|
|a GrPaTEI
|b gre
|c GR-PaULI
|
| 245 |
0 |
0 |
|a Knowledge-based systems
|n Bimonthly.
|
| 260 |
|
|
|a Oxford :
|b Elsevier Science
|
| 650 |
|
0 |
|a Artificial intelligence
|x Data processing
|
| 650 |
|
4 |
|a ΤΕΧΝΗΤΗ ΝΟΗΜΟΣΥΝΗ
|
| 710 |
0 |
|
|a Elsevier Science
|
| 907 |
|
|
|a .b26387438
|b 15-04-20
|c 22-09-16
|
| 942 |
|
|
|2 ddc
|c JNL
|s 1
|
| 952 |
|
|
|0 0
|1 0
|4 0
|7 0
|9 324872
|a LISK
|b LISK
|c SER
|d 2021-04-28
|e GrPaTEI
|l 0
|r 2021-04-28 00:00:00
|w 2021-04-28
|y JNL
|
| 970 |
|
|
|c patra11284
|
| 998 |
|
|
|a 24
|b 15-01-16
|c s
|d s
|e -
|f eng
|g xxk
|h 0
|
| 999 |
|
|
|c 182498
|d 182498
|